00297nam a2200121Ia 4500008004100000041001200041082001100053100001900064245003800083260002800121300000900149650001700158221030s9999 xx 000 0 und d aEnglish a105.23 aP. L. Ballaney 0aThermal Engineering in S.I. Units bKhanna PubaDelhic2007 a1506 aBB Mechanics